Attain : Upper intermediate
This book is for young adults developing English language skills. It provides practice and exercises to improve vocabulary, grammar and writing skills, and includes speaking and listening tasks. The multi-syllabus approach uses up-to-date topics for teenage students to read and discuss
Zapisane w:
| 1. autor: | |
|---|---|
| Format: | Książka |
| Język: | Undetermined |
| Wydane: |
Oxford
Oxford University Press
2003
|
| Hasła przedmiotowe: | |
| Etykiety: |
Dodaj etykietę
Nie ma etykietki, Dołącz pierwszą etykiete!
|
| Thư viện lưu trữ: | Trung tâm Học liệu Trường Đại học Cần Thơ |
|---|
| LEADER | 00817nam a2200205Ia 4500 | ||
|---|---|---|---|
| 001 | CTU_79734 | ||
| 008 | 210402s9999 xx 000 0 und d | ||
| 082 | |a 428.0071 | ||
| 082 | |b A883u/Cas.2 | ||
| 100 | |a Wildman, Jayne | ||
| 245 | 0 | |a Attain : | |
| 245 | 0 | |b Upper intermediate | |
| 245 | 0 | |c Jayne Wildman, David Bolton | |
| 260 | |a Oxford | ||
| 260 | |b Oxford University Press | ||
| 260 | |c 2003 | ||
| 520 | |a This book is for young adults developing English language skills. It provides practice and exercises to improve vocabulary, grammar and writing skills, and includes speaking and listening tasks. The multi-syllabus approach uses up-to-date topics for teenage students to read and discuss | ||
| 650 | |a English language | ||
| 904 | |i Mai Loan | ||
| 980 | |a Trung tâm Học liệu Trường Đại học Cần Thơ | ||